| 000 | 00866cam a2200265u 4500 | ||
|---|---|---|---|
| 001 | 20424 | ||
| 003 | BD-RjUL | ||
| 005 | 20211209000550.0 | ||
| 008 | 140301r19061953enka 000 0 eng d | ||
| 035 | _a(BD-RjUL)20486 | ||
| 040 |
_aDLC _cCarP _dDLC _dBD-RjUL _beng |
||
| 041 | _aeng | ||
| 082 |
_bGRH 1953 _a833.79 |
||
| 100 | 1 |
_aGrimm, Jacob, _d1785-1863. _962981 |
|
| 245 | 1 | 0 |
_aHousehold tales / _cJacob Grimm, |
| 260 |
_aLondon : _bJ. M. Dent & sons, ltd.; _aNew York ; _bE. P. Dutton and co. _c1906 [reprinted 1953] |
||
| 300 |
_ax, 372 p. : _billus. ; _c18 cm. |
||
| 650 | 0 |
_aFairy tales _zGermany. _923556 |
|
| 650 | 0 |
_aChildren's stories, German _vTranslations into English. _962982 |
|
| 650 | 1 |
_aFairy tales. _962983 |
|
| 700 | 1 |
_aGrimm, Wilhelm, _d1786-1859, _ejoint author. _962984 |
|
| 942 |
_2ddc _cBK |
||
| 999 |
_c20424 _d20424 |
||